Sports Quiz

Random Sports or Football Quiz

TCU Football 2016-17 Notable Players Quiz Stats

 Plays Quiz not verified by Sporcle

Score 0/61 Timer 10:00
0 Plays Today
Hint Answer % Correct
#7Kenny Hill
87.1%
#21Kyle Hicks
61.3%
#12Foster Sawyer
58.1%
#18Nick Orr
58.1%
#94Josh Carraway
58.1%
#2Taj Williams
54.8%
#6Darius Anderson
54.8%
#11Ranthony Texada
54.8%
#1Emanuel Porter
51.6%
#2Niko Small
51.6%
#9John Diarse
51.6%
#25KaVontae Turpin
51.6%
#42Ty Summers
51.6%
#3Markell Simmons
48.4%
#3Shaun Nixon
45.2%
#6 Innis Gaines
41.9%
#10Desmon White
41.9%
#23Alec Dunham
41.9%
#24Trevorris Johnson
41.9%
#24Julius Lewis
41.9%
#91L.J. Collier
41.9%
#4Isaiah Graham
38.7%
#7Arico Evans
38.7%
#11Dylan Thomas
38.7%
#13Ty Slanina
38.7%
#17Grayson Muehlstein
38.7%
#20Deante Gray
38.7%
#27Derrick Green
38.7%
#32Travin Howard
38.7%
#33Sewo Olonilua
38.7%
#40James McFarland
38.7%
Hint Answer % Correct
#81Cole Hunt
38.7%
#26Vernon Scott
35.5%
#35Sammy Douglas
35.5%
#90Ross Blacklock
35.5%
#9Matt Boesen
32.3%
#17DeShawn Raymond
32.3%
#19Montrel Wilson
32.3%
#30Denzel Johnson
32.3%
#54Joseph Broadnax
32.3%
#95Aaron Curry
32.3%
#15Jaelan Austin
29%
#16Brennen Wooten
29%
#28Tony James
29%
#31Ridwan Issahaku
29%
#44Paul Whitmill
29%
#82 Charlie Reid
29%
#10Tyree Horton
25.8%
#13Kenny Iloka
25.8%
#14Jarrison Stewart
25.8%
#16Michael Downing
25.8%
#41Brandon Bowen
25.8%
#56Chris Bradley
25.8%
#86Gary Overshown
25.8%
#99Isaiah Chambers
25.8%
#47 Tipa Galeai
19.4%
#88Artayvious Lynn
19.4%
#96Breylin Mitchell
19.4%
#85Camron Williams
16.1%
#46Jonathan Song
12.9%
#49Semaj Thomas
12.9%

You're not logged in!

Compare scores with friends on all Sporcle quizzes.
OR
Log In

Sporcle TV

Today on Sporcle TV


Watch our educational content, quiz creation guides, and fun videos on Sporcle TV.

Show Comments

Extras

Created Aug 3, 2016ReportNominate
Tags:Football Quiz, Notable, player, tcu

Top Quizzes Today


Score Distribution

Your Account Isn't Verified!

In order to create a playlist on Sporcle, you need to verify the email address you used during registration. Go to your Sporcle Settings to finish the process.

Report this User

Report this user for behavior that violates our Community Guidelines.

Details: